000 00472nam a2200181Ia 4500
003 OSt
005 20240327092301.0
008 210210b1963 xxu||||| |||| 00| 0 eng d
040 _cAL
041 _akan
082 _a854/372
100 _aSUNDARESHAN (Cha) ಸುಂದರೇಶನ್ ಚ
_9146944
245 _aTale kattu:
_bತಲೆ ಕಟ್ಟು
260 _aBengaluru
_b-
_c1963
690 _aKannada Criticism
_9146945
906 _a020218
942 _2ddc
_cBK
999 _c144370
_d144370